| 000 | 00534nam a22001937a 4500 | ||
|---|---|---|---|
| 003 | KOHA_MİRAKIL | ||
| 005 | 20250326115813.0 | ||
| 008 | 250326b tu ||||| |||| 00| 0 tur d | ||
| 020 | _a9786257653053 | ||
| 040 |
_aTR-AnABB _btur _cTR-AnABB |
||
| 041 | _atur | ||
| 082 |
_a808.80352042 _bSEK 2021 |
||
| 100 | 1 | _aŞeker, Aziz, | |
| 245 | 1 | 0 |
_aKadın roman kahramanları / _cAziz Şeker |
| 260 |
_aAnkara : _bNika Yayınevi, _c2021 |
||
| 300 |
_a196 sayfa ; _c21 cm |
||
| 650 | 0 | 4 | _aTürk edebiyatı, roman |
| 942 |
_2ddc _cBK |
||
| 999 |
_c8575 _d8575 |
||
| 900 | _bGizem YORULMAZ | ||